Top 40 Superpowers in 1950,2000,2020,2050, 2100 - Statistics

General Stats
  • This quiz has been taken 121 times
  • The average score is 185 of 204
Answers on the Map
Answers color-coded by a green-red scale on the quiz's map according to % correct below.
 
Answer Stats
Answer % Correct
Brazil
100%
France
100%
India
100%
Japan
100%
United States
100%
China
99%
Germany
99%
Russia
99%
Spain
99%
United Kingdom
99%
Argentina
97%
Canada
97%
Egypt
97%
Iran
97%
Italy
97%
Australia
96%
Mexico
96%
South Korea
96%
Turkey
96%
Poland
95%
Saudi Arabia
95%
South Africa
95%
Indonesia
94%
Norway
94%
Sweden
94%
Pakistan
93%
Portugal
93%
Vietnam
93%
Algeria
92%
Colombia
92%
Peru
92%
Chile
90%
Nigeria
90%
Netherlands
89%
D.R.Congo
88%
Ethiopia
88%
Greece
88%
Iraq
88%
Morocco
88%
Thailand
88%
Austria
85%
Philippines
85%
Romania
85%
Israel
84%
Denmark
83%
Kenya
83%
Malaysia
79%
United Arab Emirates
79%
Bangladesh
77%
Czechia
76%
Tanzania
76%
Angola
73%
Hungary
69%
Afghanistan
68%
Yemen
60%
Ghana
58%
New Zealand
58%
Qatar
54%
Jordan
48%
No matching quizzes found
Score Distribution
Percent of People with Each Score
Percentile by Number Answered
Your Score History
You have not taken this quiz